El arte de atender público. Comunicación y creatividad para lograr la eficiencia
Saved in:
| Main Author: | |
|---|---|
| Format: | Book |
| Language: | Spanish |
| Published: |
Santiago
Bravo y Allende
1994
|
| Series: | Técnicas de Expresión
|
| Subjects: | |
| Tags: |
Add Tag
No Tags, Be the first to tag this record!
|
MARC
| LEADER | 00000nam a2200000 a 4500 | ||
|---|---|---|---|
| 001 | UCU4327 | ||
| 003 | CL-VaPUC | ||
| 008 | 960517e19940000CL |||||||||||||||||spa|d | ||
| 082 | 0 | 4 | |a 302.224 |b ROD |2 21 |
| 100 | 0 | |a Rodríguez Muñoz, Rogelio |e author |9 361860 | |
| 245 | 1 | 3 | |a El arte de atender público. Comunicación y creatividad para lograr la eficiencia |
| 300 | |a 90 p | ||
| 942 | |c BK | ||
| 945 | |d 19960517 00:00:00 |a rbrito | ||
| 260 | |a Santiago |b Bravo y Allende |c 1994 | ||
| 650 | 0 | |a Psicología |9 257863 | |
| 650 | 0 | |a Comunicación |9 257251 | |
| 650 | 7 | |a EFICIENCIA |2 CL-VaPUC |9 361861 | |
| 650 | 0 | |a Lenguaje corporal |9 308592 | |
| 650 | 0 | |a Lenguaje no verbal |9 354611 | |
| 583 | |a last modification |c 19960517 00:00:00 |k Rodrigo Vera | ||
| 490 | 0 | |a Técnicas de Expresión | |
| 999 | |c 248073 |d 248071 | ||
| 952 | |0 0 |1 0 |4 0 |6 302_224000000000000_ROD_1994 |7 0 |8 A |9 264426 |a BIBEDU |b BIBEDU |d 2019-11-19 |i 3201023 |o 302.224 ROD 1994 |p 3201023 |r 2019-11-19 |w 2019-11-19 |y BK |k PSI | ||